00641nam a22002057a 450000500170000001000140001702000260003103500130005703700130007008200120008310000170009524500720011226000450018427000650022930000260029450000400032065000170036065000290037765000290040620100806133713.0 aENG-98726 a9788124114780c795.00 aEN-82258 bDBAD/PUB a730.954 aSingh ,N.K.  aCoronation of Shiva :brediscovering masrur temple /cby N.K. Singh aNew Delhi bHar-anand Publicationsc2009 aE-49/3, Okhla Industrial Area, Phase-11bNew Delhi e110 020 a99p.:billc28cm (Hb) aIncludes bibliographical references aHindu, India aGods , Hindu- in art HP. aTemples, Hindu-india HP.